000 00576nam a22001697a 4500
008 161020b xxu||||| |||| 00| 0 eng d
020 _a9719238801
082 _22001
_aDFil 418
_bM31
100 _916518
_aMaminta, Rosario E.
245 _aSelected writings in applied linguistics/
_cRosario E. Maminta
260 _aQuezon City:
_bThe Philippine Association for Language Teaching, Inc.,
_cc2001.
300 _aiii, 273 pages;
_c22 cm.
500 _aIncludes bibliographical references.
650 0 _916519
_aApplied linguistics.
365 _b350.00
_cPhp.
942 _2ddc
_cDFIL
999 _c5332
_d5332